Tilastot visalle Arvaa kieli #8

Klikkaa tästä pelataksesi tätä visaa!

Yleistilastot

  • Tätä visaa on pelattu 47 kertaa
  • Keskiarvotulos 2 / 10

Vastaukset kartalla

Vastauksille on annettu kartalla punavihreä väri sen mukaan, kuinka moni on saanut sen oikein.
 

Vastaustilastot

Kieli% Oikein
Ruotsi
82%
Muinais{egypti}
67%
Tagalog
26%
Azeri
10%
Kanta{indoeurooppa}
8%
Cherokee
5%
Klassinen {taino}
3%
Tokelau
3%
Sandawe
0%
Xerénte
0%

Tulosjakauma

Persentiili vastausten määrän mukaan

Jokaisen tuloksen saaneiden osuus

Tuloshistoriasi

Et ole pelannut tätä visaa